| 000 | 00984nas a2200301 4500 | ||
|---|---|---|---|
| 001 | BR8902820 | ||
| 003 | BR-BrBNA | ||
| 005 | 20231205091605.0 | ||
| 007 | ta | ||
| 008 | 230509b bl.|||p| |||| 00| 00por d | ||
| 040 |
_aBR-BrBNA _bpor _cBiblioteca Nacional de Agricultura |
||
| 041 | _a(Pt) | ||
| 072 | _aQ02 | ||
| 100 | 1 | _aSalces, F.R. | |
| 100 | 1 | _aCiacco, C.F. | |
| 100 | 1 | _aTravaglini, D.A. | |
| 100 | 1 | _aCarvalho, J.F. | |
| 245 | 1 | _aProcessamento de flocos de batata doce em secador duplo cilindro rotativo. 1: Efeito das variaveis operacionais de secagem sobre o rendimento, cor, retencao de vitamina C e carotenoides | |
| 650 | _aBATATA DOCE | ||
| 650 | _aDESIDRATACAO OSMOTICA | ||
| 650 | _aSECAGEM | ||
| 650 | _aRENDIMENTO | ||
| 650 | _aCOR | ||
| 650 | _aVITAMINA C | ||
| 773 | 0 |
_tCiencia e Tecnologia de Alimentos (Brazil) _xISSN 0101-2061 _g(Jan-Jun 1988), v. 8(1) p. 1-20 _wBR8902820 |
|
| 909 |
_a202311 _bLúcia _c55 _dLúcia Elande |
||
| 942 |
_2AGRIS _n0 _cANA |
||
| 999 |
_c126042 _d126042 |
||